[Event "Europe Echecs online op April"]
[Site "Europe Echecs INT"]
[Date "2020.04.11"]
[Round "10"]
[White "Lucas, Yann"]
[Black "Piat, Gabin"]
[Result "0-1"]
[WhiteElo "1500"]
[BlackElo "1794"]
[PlyCount "74"]
[EventDate "2020.04.11"]
[EventType "swiss (blitz)"]
[EventRounds "11"]
[EventCountry "FRA"]
[SourceTitle "EXT 2021"]
[Source "ChessBase"]
[SourceDate "2020.10.23"]
[SourceVersion "1"]
[SourceVersionDate "2020.10.23"]
[SourceQuality "1"]

1. a3 Nf6 2. e3 e5 3. h3 d5 4. d3 c5 5. b3 Nc6 6. Bb2 Bd6 7. Nd2 Be6 8. Ne2 b5 9. g3 a5 10. Bg2 b4 11. a4 0-0 12. g4 h6 13. Ng3 Qd7 14. Ke2 Rad8 15. Qg1 Rfe8 16. Bf1 Nh7 17. Qg2 c4 18. Bc1 cxd3+ 19. cxd3 e4 20. d4 Rc8 21. Rg1 Ne7 22. Nf5 Qc7 23. Ke1 Qc3 24. Nxd6 Qxa1 25. Nxc8 Qxc1+ 26. Ke2 Rxc8 27. Nxe4 Rc2+ 28. Kf3 dxe4+ 29. Kxe4 Bd5+ 30. Ke5 Bxg2 31. Kd6 Nc8+ 32. Kd7 Bxf1 33. Rg3 Nf6+ 34. Kd8 Kf8 35. Rf3 Ba6 36. Rf5 Nd6 37. Re5 Rc8# 0-1

[Event "EU-ch 12th"]
[Site "Aix les Bains"]
[Date "2011.04.01"]
[Round "10"]
[White "Boeuf, Jeremy"]
[Black "Piat, Gabin"]
[Result "0-1"]
[WhiteElo "1578"]
[BlackElo "1819"]
[PlyCount "32"]
[EventDate "2011.03.22"]
[EventType "swiss"]
[EventRounds "11"]
[EventCountry "FRA"]
[SourceTitle "CBM 142 Extra"]
[Source "ChessBase"]
[SourceDate "2011.06.27"]
[SourceVersion "1"]
[SourceVersionDate "2011.06.27"]
[SourceQuality "1"]

1. e4 e5 2. f4 exf4 3. Nf3 h6 4. Bc4 d6 5. d4 g5 6. Nc3 Bg7 7. 0-0 Be6 8. b3 g4 9. Ne1 Qf6 10. Nb5 Na6 11. Rxf4 Qe7 12. Bxe6 fxe6 13. Be3 c6 14. Nc3 h5 15. Nd3 Bh6 16. Rxg4 Bxe3+ 0-1

[Event "EU-ch 12th"]
[Site "Aix les Bains"]
[Date "2011.03.26"]
[Round "5"]
[White "Piat, Gabin"]
[Black "Humbert, Patrick"]
[Result "1-0"]
[WhiteElo "1819"]
[BlackElo "1462"]
[PlyCount "40"]
[EventDate "2011.03.22"]
[EventType "swiss"]
[EventRounds "11"]
[EventCountry "FRA"]
[SourceTitle "CBM 142 Extra"]
[Source "ChessBase"]
[SourceDate "2011.06.27"]
[SourceVersion "1"]
[SourceVersionDate "2011.06.27"]
[SourceQuality "1"]

1. e4 c6 2. d4 d5 3. exd5 cxd5 4. Nf3 Nc6 5. Bb5 Bd7 6. c4 e6 7. 0-0 Nf6 8. Bg5 Be7 9. Nc3 dxc4 10. Re1 0-0 11. Bxc4 Re8 12. a3 a5 13. Qd2 Rc8 14. Bb3 Na7 15. Rad1 Qb6 16. Ba2 Bc6 17. Ne5 Rcd8 18. Bb1 Qc7 19. Qd3 g6 20. Qe3 Nd5 1-0

[Event "EU-ch 12th"]
[Site "Aix les Bains"]
[Date "2011.03.23"]
[Round "2"]
[White "Cherednichenko, Svetlana"]
[Black "Piat, Gabin"]
[Result "1/2-1/2"]
[WhiteElo "2278"]
[BlackElo "1819"]
[PlyCount "86"]
[EventDate "2011.03.22"]
[EventType "swiss"]
[EventRounds "11"]
[EventCountry "FRA"]
[SourceTitle "CBM 142 Extra"]
[Source "ChessBase"]
[SourceDate "2011.06.27"]
[SourceVersion "1"]
[SourceVersionDate "2011.06.27"]
[SourceQuality "1"]

1. d4 Nf6 2. Nf3 d5 3. e3 e6 4. Bd3 b6 5. b3 Bd6 6. Bb2 Ba6 7. c4 c5 8. 0-0 0-0 9. Nbd2 Nbd7 10. Ne5 Bb7 11. Qc2 Rc8 12. Nxd7 Qxd7 13. dxc5 Be7 14. cxb6 axb6 15. Rad1 dxc4 16. bxc4 Qc6 17. f3 Qc5 18. Bd4 Qc7 19. Bxf6 gxf6 20. Bxh7+ Kg7 21. Be4 Ba6 22. f4 Rh8 23. Rf3 Rh6 24. Rg3+ Kh8 25. Bd3 e5 26. fxe5 Qxe5 27. Ne4 b5 28. c5 f5 29. Nf2 Rxh2 30. Rh3+ Rxh3 31. Nxh3 Bxc5 32. Qe2 Qxe3+ 33. Qxe3 Bxe3+ 34. Kf1 Rd8 35. Ke2 Bh6 36. a4 Bb7 37. axb5 Bxg2 38. Ng1 Re8+ 39. Kf2 Be4 40. b6 Rb8 41. Bxe4 fxe4 42. Rb1 Rb7 43. Ne2 Bd2 1/2-1/2